000 00789nam a2200181Ia 4500
008 100920s9999 xx 000 0 und d
082 _b89456
_a200 थ 71
100 _aसंपादक-शिखरे दा. न.
245 _aगीतारहस्य-बोध (लोकमन्यांचा शब्दात).
260 _bमहात्मा मासिक कार्यालय, पुणे.
_c1971
300 _a138
_bसाधी
365 _b5
520 _aधार्मिक.
630 _aगीतारहस्य-बोध (लोकमन्यांचा शब्दात).
650 _aधार्मिक.
730 _aगीतारहस्य-बोध (लोकमन्यांचा शब्दात).
942 _cBOOK
999 _c729953
_d729950